Normal view
MARC view
- Rizo Marcos, Montserrat
Entry Nombre Personal
001 - NUMERO DE CONTROL
- campo de control: 40086
003 - IDENTIFICADOR DE NUMERO DE CONTROL
- campo de control: UPN
005 - FECHA Y HORA DE LA ÜLTIMA TRANSACCIÓN
- campo de control: 20210219194552.0
008 - DATOS DE LONGITUD FIJA
- campo de control de longitud fija: nabaccnnaabn|||||||||| b |nc|||||d
035 ## - NUMERO DE CONTROL
- Número de control: UPN11000012193
040 ## - FUENTE DE CATALOGACIÓN
- Lenguaje de catalogación: SPA
- Agencia de transcripción: UPN
100 1# - ENCABEZAMIENTO - NOMBRE PERSONAL
- Nombre personal: Rizo Marcos, Montserrat
670 ## - FUENTE EN LA QUE SE LOCALIZARON DATOS
- Cita de la fuente: T
- Información localizada: Crecer juntos : una propuesta para aquellas personas que han decidido ser madres y padres, desde un enfoque real, práctico y divertido
680 ## - NOTA PUBLICA DE ACCESO PÚBLICO
- Frase explicativa de la referencia: España. Fisioterapeuta especializada en Pediatría y Psicomotricidad.
902 ## - CATALOGADOR
- Catalogador: EMR/290417
